Movies Quiz

Random Movies or Clickable Quiz
Score 0/25 Timer 06:00
1 Play Today
% Correct
See
92.9%
Need
91.7%
Give
91.4%
Sleeps
89.2%
Squeal
87%
Open
86.7%
Kiss
86.7%
Dance
85.8%
Show
85.7%
Seduce
85.1%
Rob
84.7%
Kicked
84.6%
Phone
84.1%
% Correct
Feel
83.1%
Milk
81.9%
Killed
75.4%
Play
74.7%
Go
67.9%
Thank
65.4%
Took
65%
Talkin'
63.5%
Shot
55.9%
Walking
55.3%
Gallops
49.4%
Test
44.7%
Remove Ads.
Support Sporcle.
Get the best of Sporcle when you Go Orange. This ad-free experience offers more features, more stats, and more fun while also helping to support Sporcle. Thank you for becoming a member.

You're not logged in!

Compare scores with friends on all Sporcle quizzes.
OR
Log In

Show Comments

Extras

Top Quizzes Today


Score Distribution

Your Account Isn't Verified!

In order to create a playlist on Sporcle, you need to verify the email address you used during registration. Go to your Sporcle Settings to finish the process.

Report this User

Report this user for behavior that violates our Community Guidelines.

Details: